000 00348nam a22001577a 4500
005 20160629124458.0
008 160629b xxu||||| |||| 00| 0 eng d
020 _a81-7188-302-8
041 _aeng
082 _b10831
245 _aIndia Vision 2020
260 _bAcademic Foundation
300 _a254
650 _aManagement
_9241
942 _cBK
999 _c4667
_d4665